Resolving the sky-radio interferometry (Record no. 18863)

MARC details
000 -LEADER
fixed length control field 00690nam a2200193Ia 4500
003 - CONTROL NUMBER IDENTIFIER
control field IN-BaIIA
008 - FIXED-LENGTH DATA ELEMENTS--GENERAL INFORMATION
fixed length control field 211028s9999 xx 000 0 eng d
020 ## - INTERNATIONAL STANDARD BOOK NUMBER
International Standard Book Number 978-1-909204-26-3
040 ## - CATALOGING SOURCE
Transcribing agency IIA Library
080 ## - UNIVERSAL DECIMAL CLASSIFICATION NUMBER
Universal Decimal Classification number 52-77(082.1)
Item number RES
245 #0 - TITLE STATEMENT
Title Resolving the sky-radio interferometry
Remainder of title past, present and future; proceedings of the conference held at the Lowryhotel, Manchester, U. K. April 17-20, 2012
Statement of responsibility, etc. edited by M. A. Garrett and J. C. Greenwood
260 ## - PUBLICATION, DISTRIBUTION, ETC.
Place of publication, distribution, etc. U.K
Name of publisher, distributor, etc. S. K. A. Organisation
Date of publication, distribution, etc. 2013
300 ## - PHYSICAL DESCRIPTION
Extent 376p.
650 ## - SUBJECT ADDED ENTRY--TOPICAL TERM
Topical term or geographic name entry element Radio interferometry
9 (RLIN) 15209
650 ## - SUBJECT ADDED ENTRY--TOPICAL TERM
Topical term or geographic name entry element Sky
9 (RLIN) 2307
700 ## - ADDED ENTRY--PERSONAL NAME
Personal name Garrett, M. A., ed.
9 (RLIN) 36066
700 ## - ADDED ENTRY--PERSONAL NAME
Personal name Greenwood, J. C., ed.
9 (RLIN) 36067
942 ## - ADDED ENTRY ELEMENTS (KOHA)
Koha item type Books
Holdings
Withdrawn status Lost status Damaged status Not for loan Home library Current library Shelving location Date acquired Total Checkouts Full call number Barcode Date last seen Price effective from Koha item type
        IIA Library-Bangalore IIA Library-Bangalore General Stacks 14/03/2014   52-77(082.1)/ RES 19785 05/11/2021 14/03/2014 Books

Powered by Koha